| 000 | 00582nam a2200205Ia 4500 | ||
|---|---|---|---|
| 003 | SISC | ||
| 005 | 20170228152848.0 | ||
| 008 | 140321s9999 xx 000 0 und d | ||
| 020 | _a9789350840443 | ||
| 050 |
_aHF 5547 _b.R137 2013 |
||
| 100 | _aRajan, T. | ||
| 245 |
_aTheory and practice of office management / _cT. Rajan. |
||
| 250 | _a1st edition. | ||
| 260 |
_aNew Delhi : _bCENTRUM PRESS, _c2013. |
||
| 300 |
_a280 pages ; _c23 cm. |
||
| 500 | _aIncludes bibliographical references and index. | ||
| 650 | _aOffice management. | ||
| 942 |
_kFOR _cBK _2lcc |
||
| 999 |
_c48213 _d48213 |
||